000 01451pam a22003014a 4500
005 20260322212047.0
008 data
010 _a 2004023752
020 _a9781585622146 (pbk. : alk. paper)
020 _a1585622141 (pbk. : alk. paper)
040 _aDNLM
_cDNLM
041 0 9 _aeng
042 _apcc
044 _9United States
060 1 0 _aWM 190
_bY94f 2005
100 1 _aYudofsky, Stuart C.
245 1 0 _aFatal flaws :
_bnavigating destructive relationships with people with disorders of personality and character /
_cStuart C. Yudofsky.
250 _a1st ed.
260 _aWashington, D.C. :
_bAmerican Psychiatric Pub.
_cc2005.
300 _axvii, 494 p.
504 _aIncludes bibliographical references and index.
505 0 _aWhat are fatal flaws? -- Does this person have a fatal flaw? -- Nine principles for dealing with people with fatal flaws -- Hysterical (histrionic) personality disorder -- Narcissistic personality disorder, part I. Untreated narcissism -- Narcissistic personality disorder, part II. Treated narcissism -- Antisocial personality disorder -- Obsessive-compulsive personality disorder -- Paranoid personality disorder -- Borderline personality disorder -- Schizotypal personality disorder -- Addictive personality disorder -- Getting help.
650 2 2 _aClinical Medicine
_xmethods
_9n
650 2 2 _aPersonality Disorders
650 2 2 _aPsychotherapy
_xmethods
_9n
655 2 _aPopular Works
001 data
999 _c1118
_d1118